Controlling The Hand And Forearm Movements Of An Orthotic Arm Using Surface Emg Signals (Record no. 233614)
[ view plain ]
| 000 -LEADER | |
|---|---|
| fixed length control field | 00902nam a2200145Ia 4500 |
| 008 - FIXED-LENGTH DATA ELEMENTS--GENERAL INFORMATION | |
| fixed length control field | 231221s9999 xx 000 0 und d |
| 041 ## - LANGUAGE CODE | |
| Language code of text/sound track or separate title | English |
| 082 ## - DEWEY DECIMAL CLASSIFICATION NUMBER | |
| Classification number | CPEC15-1089 |
| 100 ## - MAIN ENTRY--PERSONAL NAME | |
| Personal name | Kavya, S. Dhatri, M P. Sushma, R. Krupa, B N. Muktanidhi, S D. Girija Kumar, B. |
| 245 #0 - TITLE STATEMENT | |
| Title | Controlling The Hand And Forearm Movements Of An Orthotic Arm Using Surface Emg Signals |
| 260 ## - PUBLICATION, DISTRIBUTION, ETC. | |
| Date of publication, distribution, etc. | 2015 |
| 500 ## - GENERAL NOTE | |
| General note | Controlling The Hand And Forearm Movements Of An Orthotic Arm Using Surface Emg Signals Kavya.S, Dhatri.M.P, Sushma.R, Krupa B.N, Muktanidhi.S.D, Girija Kumar B Department of Telecommunication Engineering, PESIT,Bangalore, India Department of Physiology, BMC Bangalore, India bnkrupa@pes.edu, girijabmcri@gmail.com India Conference (INDICON), 2015 Annual IEEE, pp. 1-6. IEEE, December 2015. |
| 650 ## - SUBJECT ADDED ENTRY--TOPICAL TERM | |
| Topical term or geographic name entry element | Controlling,Hand,Forearm,Movements,Orthotic,Arm,Using,Surface,Emg,Signals |
| 942 ## - ADDED ENTRY ELEMENTS (KOHA) | |
| Koha item type | Institutional repository |
| Date last seen | Total checkouts | Full call number | Accession number | Price effective from | Category | Lost status | Damaged status | Department | Withdrawn status | Home library | Current library | Shelving location | Entry date | Grants | Currency symbol | Conversion rate | Discount | Old discount |
|---|---|---|---|---|---|---|---|---|---|---|---|---|---|---|---|---|---|---|
| 26/01/2024 | CPEC15-1089 | IR1089 | 26/01/2024 | Institutional repository | EC | Central Library | Central Library | Central Library | EC | RS | 1 |
